Utopias (Record no. 1454389)

MARC details
000 -LEADER
fixed length control field 00551nam a2200205Ia 4500
005 - DATE AND TIME OF LATEST TRANSACTION
control field 20250923145704.0
008 - FIXED-LENGTH DATA ELEMENTS--GENERAL INFORMATION
fixed length control field 008 250917s9999 xx 000 0 eng d
037 ## - SOURCE OF ACQUISITION
Stock number Textual
040 ## - CATALOGING SOURCE
Original cataloging agency DSWL
Language of cataloging eng
Transcribing agency DSWL
041 ## - LANGUAGE CODE
Language code of text/sound track or separate title eng
Source of code eng
084 ## - COLON CLASSIFICATION NUMBER
Classification number W7x, N84
Assigning agency DSWL
245 #0 - TITLE STATEMENT
Title Utopias
Statement of responsibility, etc. Ed. by Peter Gill Alexender
260 ## - PUBLICATION, DISTRIBUTION, ETC.
Place of publication, distribution, etc. London
Name of publisher, distributor, etc. Gerald Duckworth
Date of publication, distribution, etc. 1984
300 ## - PHYSICAL DESCRIPTION
Extent xix,218p.
365 ## - TRADE PRICE
Price type code INR
Price amount 255.96
700 ## - ADDED ENTRY--PERSONAL NAME
Personal name Roger GILL
9 (RLIN) 837972
925 ## -
-- 255.96
942 ## - ADDED ENTRY ELEMENTS (KOHA)
Koha item type Textual
Classification part W7x, N84
Holdings
Withdrawn status Lost status Damaged status Not for loan Home library Current library Date acquired Source of acquisition Inventory number Total Checkouts Full call number Barcode Date last seen Price effective from Koha item type
        Department of Social Work Library Department of Social Work Library 2025-09-23 Selection Book Service Syndicate 7895 09/02/1989   W7x, N84 SW0022062 2025-09-23 2025-09-23 Textual
Copyright @ Delhi University Library System